000
00300nam a22001337a 4500
008
250625b |||||||| |||| 00| 0 eng d
020
_a
043545126
050
_a
HD38
_b
W37
100
_a
WARRILOW Van
245
_a
Administration
260
_a
England
_b
Heinemann
_c
1994
300
_a
199P.
942
_c
BK
999
_c
3963
_d
3963